| 000 | 00455nam a22001817a 4500 | ||
|---|---|---|---|
| 003 | CEME | ||
| 005 | 20210628205858.0 | ||
| 008 | 210208b xxu||||| |||| 00| 0 eng d | ||
| 020 | _a0-256-22102-2 | ||
| 040 | _c. | ||
| 082 | _a005.3 ERI | ||
| 100 |
_aVonk, John.A Erickson, Fritz.J _977357 |
||
| 245 | _aEffective excel 7.0 | ||
| 260 |
_aCHICAGO _bIRWIN _c1996 |
||
| 300 | _a162P | ||
| 650 |
_aEXCEL 7.0 MICROSOFT EXCEL 7.0 _977358 |
||
| 942 |
_cBK _2ddc |
||
| 999 |
_c582641 _d582641 |
||